<?xml version="1.0" encoding="UTF-8"?><?xml-stylesheet type="text/xsl" href="static/style.xsl"?><OAI-PMH xmlns="http://www.openarchives.org/OAI/2.0/" xmlns:xsi="http://www.w3.org/2001/XMLSchema-instance" xsi:schemaLocation="http://www.openarchives.org/OAI/2.0/ http://www.openarchives.org/OAI/2.0/OAI-PMH.xsd"><responseDate>2026-04-17T20:14:12Z</responseDate><request verb="GetRecord" identifier="oai:www.recercat.cat:10230/42949" metadataPrefix="marc">https://recercat.cat/oai/request</request><GetRecord><record><header><identifier>oai:recercat.cat:10230/42949</identifier><datestamp>2025-12-13T21:15:44Z</datestamp><setSpec>com_2072_6</setSpec><setSpec>col_2072_452952</setSpec></header><metadata><record xmlns="http://www.loc.gov/MARC21/slim" xmlns:dcterms="http://purl.org/dc/terms/" xmlns:xsi="http://www.w3.org/2001/XMLSchema-instance" xmlns:doc="http://www.lyncode.com/xoai" xsi:schemaLocation="http://www.loc.gov/MARC21/slim http://www.loc.gov/standards/marcxml/schema/MARC21slim.xsd">
   <leader>00925njm 22002777a 4500</leader>
   <datafield ind2=" " ind1=" " tag="042">
      <subfield code="a">dc</subfield>
   </datafield>
   <datafield ind2=" " ind1=" " tag="720">
      <subfield code="a">Nevado-Holgado, Alejo J.</subfield>
      <subfield code="e">author</subfield>
   </datafield>
   <datafield ind2=" " ind1=" " tag="720">
      <subfield code="a">Ribe, Elena</subfield>
      <subfield code="e">author</subfield>
   </datafield>
   <datafield ind2=" " ind1=" " tag="720">
      <subfield code="a">Thei, Laura</subfield>
      <subfield code="e">author</subfield>
   </datafield>
   <datafield ind2=" " ind1=" " tag="720">
      <subfield code="a">Furlong, Laura I., 1971-</subfield>
      <subfield code="e">author</subfield>
   </datafield>
   <datafield ind2=" " ind1=" " tag="720">
      <subfield code="a">Mayer, Miguel Ángel, 1960-</subfield>
      <subfield code="e">author</subfield>
   </datafield>
   <datafield ind2=" " ind1=" " tag="720">
      <subfield code="a">Quan, Jie</subfield>
      <subfield code="e">author</subfield>
   </datafield>
   <datafield ind2=" " ind1=" " tag="720">
      <subfield code="a">Richardson, Jill C.</subfield>
      <subfield code="e">author</subfield>
   </datafield>
   <datafield ind2=" " ind1=" " tag="720">
      <subfield code="a">Cavanagh, Jonathan</subfield>
      <subfield code="e">author</subfield>
   </datafield>
   <datafield ind2=" " ind1=" " tag="720">
      <subfield code="a">NIMA Consortium</subfield>
      <subfield code="e">author</subfield>
   </datafield>
   <datafield ind2=" " ind1=" " tag="720">
      <subfield code="a">Lovestone, Simon</subfield>
      <subfield code="e">author</subfield>
   </datafield>
   <datafield ind2=" " ind1=" " tag="260">
      <subfield code="c">2019-11-25T08:30:53Z</subfield>
   </datafield>
   <datafield ind2=" " ind1=" " tag="260">
      <subfield code="c">2019-11-25T08:30:53Z</subfield>
   </datafield>
   <datafield ind2=" " ind1=" " tag="260">
      <subfield code="c">2019</subfield>
   </datafield>
   <datafield ind2=" " ind1=" " tag="520">
      <subfield code="a">As genome-wide association studies (GWAS) have grown in size, the number of genetic variants that have been associated per disease has correspondingly increased. Despite this increase in the number of single-nucleotide polymorphisms (SNPs) identified per disease, their biological interpretation has in many cases remained elusive. To address this, we have combined GWAS results with orthogonal sources of evidence, namely the current knowledge of molecular pathways; real-world clinical data from six million patients; RNA expression across tissues from Alzheimer&amp;apos;s disease (AD) patients, and purpose-built rodent models for experimental validation. In more detail, first we show that when examined at a pathway level, analysis of all GWAS studies groups AD in a cluster with disorders of immunity and inflammation. Using clinical data, we show that the degree of comorbidity of these diseases with AD correlates with the strength of their genetic association with molecular participants in the Janus kinases/signal transducer and activator of transcription (JAK-STAT) pathway. Using four independent RNA expression datasets we then find evidence for the altered regulation of JAK-STAT pathway genes in AD. Finally, we use both in vitro and in vivo rodent models to demonstrate that Aβ induces gene expression of the key drivers of this pathway, providing experimental evidence to validate these data-driven observations. These results therefore nominate JAK-STAT anomalies as a prominent aetiopathological event in AD and hence a potential target for therapeutic development, and moreover demonstrate a de novo multi-modal approach to derive information from rapidly increasing genomic datasets.</subfield>
   </datafield>
   <datafield ind2=" " ind1=" " tag="520">
      <subfield code="a">This work was supported by the Wellcome Trust [104025], the European Union’s Horizon 2020 research and innovation programme 2014-2020 under Grant Agreement No 634143, the MRC Data Pathfinder award [MC_PC_17215], and the NIHR Oxford Health Biomedical Research Centre.</subfield>
   </datafield>
   <datafield tag="653" ind2=" " ind1=" ">
      <subfield code="a">Alzheimer</subfield>
   </datafield>
   <datafield tag="653" ind2=" " ind1=" ">
      <subfield code="a">JAK-STAT</subfield>
   </datafield>
   <datafield tag="653" ind2=" " ind1=" ">
      <subfield code="a">Animal models</subfield>
   </datafield>
   <datafield tag="653" ind2=" " ind1=" ">
      <subfield code="a">Genomics</subfield>
   </datafield>
   <datafield tag="653" ind2=" " ind1=" ">
      <subfield code="a">Multimodal</subfield>
   </datafield>
   <datafield tag="653" ind2=" " ind1=" ">
      <subfield code="a">Transcriptomics</subfield>
   </datafield>
   <datafield ind2="0" ind1="0" tag="245">
      <subfield code="a">Genetic and real-world clinical data, combined with empirical validation, nominate jak-stat signaling as a target for Alzheimer&amp;apos;s disease therapeutic development</subfield>
   </datafield>
</record></metadata></record></GetRecord></OAI-PMH>